Представление документа в формате MARC21

Поле Инд. ПП Название Значение
Тип записи a
Библиографический уровень a
001 Контрольный номер 5ca3cc030da147acb40b082f687dd014
005 Дата корректировки 20260423081827.1
020 a ISBN 978-5-907919-723
040 a Служба первич. каталог. НБ ТвГУ
b Код языка каталог. rus
e Правила каталог. PSBO
041 0_ a Код языка текста rus
097 b Оператор Komarova.ES
100 1_ a Автор Шалимов Владимир Николаевич
q Полное имя Шалимов В. Н.
245 10 a Заглавие Будущее русского языка: вероятные сценарии эволюции национального культурного кода
260 a Место издания Москва
b Издательство Московский союз литераторов
504 a Библиография Библиогр. в подстроч. примеч.
520 0_ a Аннотация На основе анализа результатов исторической реконструкции материальной и духовной культуры прежних исторических эпох Российского государства установлен период кардинальной трансформации языка, в среднем составляющий одну треть тысячелетия. Охарактеризованы движущие силы языковых изменений. Показано, что в эпоху глобализации процессы заимствования иностранных терминов, в основном, английских, резко ускоряются. Итогом глубоких изменений языка, как правило, становится государственная языковая реформа. В русском языке очередная реформа, вероятно, станет неизбежной к середине нынешнего столетия.
653 0_ a Ключевые слова Наука
a Ключевые слова Трансформация языка
a Ключевые слова Движущие силы
a Ключевые слова Глобализация
a Ключевые слова Терминологические заимствования
773 18 w Контрольный № источника b6c41c0621c24b1a8844e5348daa290e
t Название источника IV международная научно-практическая конференция "Русский язык и литература в современном мире: как сохранить национальный культурный код"
d Место и дата издания Москва : Московский союз литераторов, 2026
g Прочая информация С. 15-27
901 t Тип документа a
920 a Оператор Кома
954 b Дата поступления в ОК 20260423